000 00548nam a2200181Ia 4500
999 _c28334
_d28334
003 OSt
005 20260305114710.0
008 190216s9999||||xx |||||||||||||| ||und||
020 _a9788188582112
040 _coclc
082 _a894.8124
_bNAI/K
100 1 _aVāsudēvan Nāyar, Eṃ. Ti.,
_d1933-
_99426
245 0 _aKannanthalippookkalude Kalam /
_cM T Vasudevan Nair
260 _bGreen Books,
_c2003.
_aThrissur:
300 _a152p
650 _aEssay Malayalam
942 _cBK
_2ddc
_h894.8124
_iNAI/K
_k894.8124
_mNAI/K